000 00358nam a2200157Ia 4500
008 230524s9999 xx 000 0 und d
082 _a5
_bBEN
100 _aJon Bentley
245 0 _aProgramming Pearls
250 _a2ND
260 _aNEW DELHI
_bPearson
_c2006
300 _aXI;233
500 _aQuantity Number: 4
650 _aComp-Sc
942 _cBK
999 _c40959
_d40959